000 01352cam a2200253 4500500
005 20260111132235.0
041 _afre
042 _adc
100 1 0 _aFiche, Baptiste
_eauthor
700 1 0 _aLautridou, Marie
_eauthor
245 0 0 _aCorps et accompagnement : du bon usage du rire
260 _c2025.
500 _a45
520 _aAccompagner une personne en proie à des difficultés amène à s’en charger, dans tous les sens du terme. Pour le professionnel, toute la question est de savoir comment faire pour ne pas se retrouver écrasé par le poids de ces difficultés. Cet article vise à promouvoir l’humour en tant que véritable outil d’allègement de la charge du professionnel, à condition de l’utiliser dans un cadre précis. Un éclairage psychologique à partir de situations rencontrées en samsah ainsi que l’apport de la pratique en psychomotricité serviront de point de départ à la définition de ce cadre.
690 _aAccompagnement
690 _acorps
690 _amot d’esprit
690 _aoutil
690 _aprise en charge
690 _arire
690 _asubjectivité
786 0 _nVST - Vie sociale et traitements | 168 | 4 | 2025-12-05 | p. 100-106 | 0396-8669
856 4 1 _uhttps://shs.cairn.info/revue-vst-vie-sociale-et-traitements-2025-4-page-100?lang=fr&redirect-ssocas=7080
999 _c1634637
_d1634638